000 00305nam a2200121Ia 4500
008 151213s9999 xx 000 0 und d
245 _aBuilding Institutions for markets
260 _aNew yeork
_bOxford University
_c2002
300 _a2051 p.
650 _aMarketing
650 _aMarketing
999 _c1506
_d1506